Clubs de Japan Rugby League One. - Statistiques

Statistiques générales
  • Ce quiz a été pris 15 fois
  • Le résultat moyen est 5 sur 12
Statistiques - réponses
Arrivée Clubs % Correct
2003 Tokyo Sungoliath
75%
2003 Kobelco Kobe Steelers
58%
2012 Yokohama Canon Eagles
58%
2003 Toshiba Brave Lupus Tokyo
42%
2011 NTT-Docomo Red Hurricanes Osaka
33%
2003 Saitama Wild Knights
33%
2003 Kubota Spears Funabashi Tokyo-Bay
33%
2004 Toyota Verblitz
33%
2010 Shining Arcs Tokyo-Bay Urayasu
25%
2003 Blacks Rams Tokyo
25%
2022 Shizuoka Blue Revs
25%
2003 NEC Green Rockets Tokatsu
17%
Aucun quiz correspondant
Distribution des résultats
% des personnes avec chaque résultat
Percentile par nombre de réponses
Votre historique - résultats
Vous n’avez pas pris ce quiz